Countries With All Five Vowels Quiz Stats

 Plays Quiz Updated Jun 4, 2016

Score 0/5 Timer 03:00
1 Play Today
Country % Correct
United States of America
82.6%
Democratic Republic of Congo
76%
Equatorial Guinea
37.5%
Mozambique
34%
Dominican Republic
33.4%

You're not logged in!

Compare scores with friends on all Sporcle quizzes.
OR
Log In

Sporcle TV

Today on Sporcle TV


Watch our educational content, quiz creation guides, and fun videos on Sporcle TV.

Show Comments

Extras

Top Quizzes Today


Score Distribution

Your Account Isn't Verified!

In order to create a playlist on Sporcle, you need to verify the email address you used during registration. Go to your Sporcle Settings to finish the process.

Report this User

Report this user for behavior that violates our Community Guidelines.

Details: